000 00698nam a2200241 a 4500
001 62981
003 BD-RjUL
005 20211209081140.0
008 170126s1954 ii 001 0 eng d
020 _cIRs. 40.00
035 _a(BD-RjUL)63109
040 _aDLC
_cDLC
_dDLC
_dBD-RjUL
_beng
041 _aeng
082 0 0 _a340.54
_223
_bMIL 1954
100 1 _aMitter, Vishnu.
_9187312
245 1 4 _aThe law of defamation and malicious prosecution /
_cV. Mitter.
260 _aAllahabad :
_bLaw Book Co.,
_c1954
300 _axv, 270 p. ;
_c25 cm.
500 _aIncludes index.
650 0 _aLibel and slander
_zIndia.
_9187313
650 0 _aMalicious prosecution
_zIndia.
_9187314
942 _2ddc
_cBK
999 _c62981
_d62981